Score 0/24 Timer 10:00
0 Plays Today
% Correct
Leeuwarden
94.3%
Ameland
89.7%
Terschelling
89.2%
Vlieland
88.1%
Schiermonnikoog
88.1%
Heerenveen
84%
Harlingen
82.5%
Súdwest-Fryslân
77.8%
De Friese Meren
68%
Weststellingwerf
60.8%
Ooststellingwerf
60.8%
Leeuwarderadeel
60.3%
% Correct
Franekeradeel
56.7%
Smallingerland
56.2%
Opsterland
54.6%
Dongeradeel
51%
Ferwerderadeel
49.5%
Tytsjerksteradiel
46.9%
Dantumadeel
46.4%
Het Bildt
45.4%
Achtkarspelen
43.8%
Kollumerland en Nieuwkruisland
42.3%
Menameradiel
33%
Littenseradiel
31.4%
Remove Ads.
Support Sporcle.
Get the best of Sporcle when you Go Orange. This ad-free experience offers more features, more stats, and more fun while also helping to support Sporcle. Thank you for becoming a member.

You're not logged in!

Compare scores with friends on all Sporcle quizzes.
OR
Log In

Show Comments

Extras

Top Quizzes Today


Score Distribution

Your Account Isn't Verified!

In order to create a playlist on Sporcle, you need to verify the email address you used during registration. Go to your Sporcle Settings to finish the process.

Report this User

Report this user for behavior that violates our Community Guidelines.

Details: